000 00849nam a2200265 i 4500
003 EG-ScBUE
005 20240716132214.0
008 180319s2008 mx o f 000 0 mul d
040 _aEG-ScBUE
_beng
_erda
_cEG-ScBUE
_dEG-ScBUE
041 0 _aspa
_aeng
043 _an-mx---
082 0 4 _a972.62
_bVER
_222
245 0 0 _aVeracruz late con fuerza en turismo e inversion :
_bsea usted bienvenido.
264 1 _aMexico City :
_bGrupo editorial Expresion E Imagen,
_c2008.
300 _a368 pages :
_bphotographs (color) ;
_c30 cm
336 _2rdacontent
_atext
_btxt
337 _aunmediated
_2rdamedia
_bn
338 _avolume
_bnc
_2rdacarrier
650 _2BUEsh
651 7 _aMexico
_zVeracruz (City)
_2BUEsh
653 _bCOMAME
_cMarch2018
655 _vReading book
942 _2ddc
_cBB
999 _c26344
_d26316